| 000 | 00612cam8a220021700 4500 | ||
|---|---|---|---|
| 001 | zam00003072 | ||
| 008 | 951128s1965 xx eng u | ||
| 035 | _a(Sirsi) r20407 | ||
| 035 | _a(MACHINE)MSLC. | ||
| 100 |
_aAbdellah, F. G. _6A81764.1 |
||
| 245 | 1 | 0 | _aBetter patient care through Nursing Research. |
| 260 | _c1965. | ||
| 949 |
_aRT73 _wLC _mMEDICAL _tBOOK _lON-SHELF |
||
| 004 | 20407 | ||
| 591 | _aClass code: MRN 410. | ||
| 591 | _aCourse: Management research nursing. | ||
| 591 | _aSchool: S07. | ||
| 591 | _aLecturer: Dr. MOJEKWU, V.I. | ||
| 591 | _aNumber of Students: 18. | ||
| 909 | _aBook | ||
| 999 |
_c40334 _d40334 |
||